书目信息 |
| 题名: |
24小时管理通才
|
|
| 作者: | 希亚姆Axi ya mu , Hiam 著 ;刘新民Aliu xin min 译 | |
| 分册: | ||
| 出版信息: | 北京 光明日报出版社 2001.10 |
|
| 页数: | 384页 | |
| 开本: | 21cm | |
| 丛书名: | ||
| 单 册: | ||
| 中图分类: | F270 | |
| 科图分类: | ||
| 主题词: | 企业管理--通俗读物 , 企业管理 | |
| 电子资源: | ||
| ISBN: | 7-80145-469-3 | |
| 000 | 00751oam2 2200253 45 | |
| 005 | 20041012101237.89 | |
| 010 | @a7-80145-469-3@dCNY 22.80 | |
| 035 | @a(011001)c2001091661 | |
| 100 | @a20011112d2001 em y0chiy0110 ea | |
| 101 | 1 | @achi@aeng |
| 102 | @aCN@b110000 | |
| 105 | @ay z 000yy | |
| 200 | 1 | @a24小时管理通才@A24 xiao shi guan li tong cai@f亚历山大·希亚姆(Alexander Hiam)著@g刘新民译 |
| 210 | @a北京@c光明日报出版社@d2001.10 | |
| 215 | @a384页@d21cm | |
| 461 | 0 | @12001 @a人人书库 |
| 606 | 0 | @a企业管理@j通俗读物 |
| 606 | 0 | @a企业管理 |
| 690 | @aF270@v4 | |
| 701 | 1 | @a希亚姆Axi ya mu@bA.@4著 |
| 701 | 1 | @aHiam@bAlexander@4著 |
| 702 | 0 | @a刘新民Aliu xin min@4译 |
| 801 | 0 | @aCN@bQSSK@c20041012 |
| 905 | @a10447@dF270@eY020 | |
| 24小时管理通才/亚历山大·希亚姆(Alexander Hiam)著/刘新民译.-北京:光明日报出版社,2001.10 |
| 384页;21cm |
| ISBN 7-80145-469-3:CNY 22.80 |
| ● |
| 相关链接 |
|
|
|
正题名:24小时管理通才
索取号:F270/Y020
 
预约/预借
| 序号 | 登录号 | 条形码 | 馆藏地/架位号 | 状态 | 备注 |
| 1 | 399372 | 203993722 | 管理学院资料室/ [索取号:F270/Y020] | 在馆 | |
| 2 | 399373 | 203993731 | 社科库409/409社科库 85排2列5层/ [索取号:F270/Y020] | 在馆 | |
| 3 | 399374 | 203993740 | 社科库409/409社科库 85排2列5层/ [索取号:F270/Y020] | 在馆 |